000 00586nam a2200205Ia 4500
001 21636
003 GE_BSU
008 181216s||||||||xx |||||||||||||| ||und||
040 _cGE_BSU
080 _a811.512.161
245 _aYeni HITIT Yabancilar icin Turkce 2B1(ქსეროქსი)
245 _bdinleme metinleri
260 _bTomer
260 _c1984
541 _h3Gel.
653 _aYabancilar için Türkçe:dinleme metinleri
653 _aYeni HITIT Yabancilar icin Turkce 2B1(ქსეროქსი)
653 _aთურქული ენა
942 _cBK
999 _c54570
_d54570